ბათუმის შოთა რუსთაველის სახელმწიფო უნივერსიტეტის ბიბლიოთეკა

Международные отношения и мировая политика : (ბიბ.ჩანაწერი № 41266)

000 -LEADER
fixed length control field 00913nam a2200229Ia 4500
001 - CONTROL NUMBER
control field 7919
003 - CONTROL NUMBER IDENTIFIER
control field GE_BSU
005 - DATE AND TIME OF LATEST TRANSACTION
control field 20220930145005.0
008 - FIXED-LENGTH DATA ELEMENTS--GENERAL INFORMATION
fixed length control field 181216sre 2012xx |||||||||||||| ||rus||
020 ## - INTERNATIONAL STANDARD BOOK NUMBER
International Standard Book Number 9785756706451
040 ## - CATALOGING SOURCE
Transcribing agency GE_BSU
041 ## - LANGUAGE CODE
Language code of text/sound track or separate title rus
080 ## - UNIVERSAL DECIMAL CLASSIFICATION NUMBER
Universal Decimal Classification number 327 H-62
100 ## - MAIN ENTRY--PERSONAL NAME
Personal name Никитина,Ю.А.
9 (RLIN) 14932
245 ## - TITLE STATEMENT
Title Международные отношения и мировая политика :
Remainder of title Введение в специальность /
Statement of responsibility, etc. Ю.А. Никитина
250 ## - EDITION STATEMENT
Edition statement Изд-е 2-е испр. и доп.
264 ## - PRODUCTION, PUBLICATION, DISTRIBUTION, MANUFACTURE, AND COPYRIGHT NOTICE
Place of production, publication, distribution, manufacture Москва :
Name of producer, publisher, distributor, manufacturer Аспект Пресс,
Date of production, publication, distribution, manufacture, or copyright notice 2012.
300 ## - PHYSICAL DESCRIPTION
Extent 151 стр.:
Dimensions 20 см.
653 ## - INDEX TERM--UNCONTROLLED
keyword Международные отношения и мировая политика
653 ## - INDEX TERM--UNCONTROLLED
keyword საერთაშორისო ურთიერთობები და მსოფლიო პოლიტიკა
942 ## - ADDED ENTRY ELEMENTS (KOHA)
Koha item type წიგნი
Source of classification or shelving scheme
ეგზემპლარები
Withdrawn status Lost status Source of classification or shelving scheme Damaged status Not for loan Permanent Location Current Location Shelving location Date acquired Cost, normal purchase price Full call number Barcode Date last seen Copy number Price effective from Koha item type Public note
          ბათუმის შოთა რუსთაველის სახელმწიფო უნივერსიტეტის მთავარი ბიბლიოთეკა ბათუმის შოთა რუსთაველის სახელმწიფო უნივერსიტეტის მთავარი ბიბლიოთეკა წიგნსაცავი 2018-12-17 17.00 327 H-62 24394 2018-12-17 24394 2018-12-17 წიგნი 17.00